[Event "IECG CP.1998.P.00024"]
[Site "IECG email"]
[Date "1998.??.??"]
[Round "?"]
[White "Poulin, Simon"]
[Black "Thorp, Jeremy"]
[Result "1-0"]
[WhiteElo "1770"]
[BlackElo "800"]
[PlyCount "63"]
[EventDate "1998.10.01"]
[EventType "tourn (corr)"]
[EventRounds "6"]
[EventCountry "NOR"]
[SourceTitle "Corr 2008"]
[Source "ChessBase"]
[SourceDate "2008.06.24"]
[SourceVersion "1"]
[SourceVersionDate "2008.06.24"]
[SourceQuality "1"]

1. e4 e5 2. Nf3 Nc6 3. Bb5 a6 4. Ba4 Nf6 5. d4 exd4 6. 0-0 Be7 7. Re1 b5 8. Bb3 d6 9. Bd5 Bd7 10. Nxd4 Nxd5 11. Nxc6 Bxc6 12. exd5 Bd7 13. Bg5 f6 14. Bd2 0-0 15. Ba5 Re8 16. Qf3 Qc8 17. Nc3 c5 18. dxc6 Bxc6 19. Nd5 Bxd5 20. Qxd5+ Kf8 21. Qd3 g6 22. Qd2 Kg7 23. Rad1 Qf5 24. Re3 Rac8 25. Bc3 b4 26. Bxb4 Rxc2 27. Qe1 Qd7 28. Bxd6 Kf7 29. Bxe7 Qg4 30. Rd6 Qc4 31. Rxf6+ Kg7 32. Rff3 1-0